神學綱要 / (Record no. 38588)
[ view plain ]
| 000 -LEADER | |
|---|---|
| fixed length control field | 00631cam a2200241 i 4500 |
| 001 - CONTROL NUMBER | |
| control field | (Sirsi) a698557 |
| 008 - FIXED-LENGTH DATA ELEMENTS--GENERAL INFORMATION | |
| fixed length control field | 110725s1990 ch e 000 0 chi d |
| 020 ## - INTERNATIONAL STANDARD BOOK NUMBER | |
| Terms of availability | NT$2010(全套 : 平裝) |
| 020 ## - INTERNATIONAL STANDARD BOOK NUMBER | |
| International Standard Book Number | 9579186200 (卷四 : 平裝) |
| 040 ## - CATALOGING SOURCE | |
| Original cataloging agency | KB |
| Language of cataloging | chi |
| Transcribing agency | TAE |
| 041 0# - LANGUAGE CODE | |
| Language code of text/sound track or separate title | chi |
| 042 ## - AUTHENTICATION CODE | |
| Authentication code | nbic |
| 050 ## - LIBRARY OF CONGRESS CALL NUMBER | |
| Classification number | BT75.2 |
| 100 1# - MAIN ENTRY--PERSONAL NAME | |
| Personal name | 周聯華, |
| Dates associated with a name | 1920- |
| 245 10 - TITLE STATEMENT | |
| Title | 神學綱要 / |
| Statement of responsibility, etc | 周聯華著 |
| 250 ## - EDITION STATEMENT | |
| Edition statement | 初版 |
| 260 ## - PUBLICATION, DISTRIBUTION, ETC. (IMPRINT) | |
| Place of publication, distribution, etc | 臺北市 : |
| Name of publisher, distributor, etc | 台灣基督教文藝, |
| Date of publication, distribution, etc | 1990- |
| 300 ## - PHYSICAL DESCRIPTION | |
| Extent | 冊 ; |
| Dimensions | 21公分 |
| 650 #7 - SUBJECT ADDED ENTRY--TOPICAL TERM | |
| Topical term or geographic name as entry element | 神學 |
| Source of heading or term | lcstt. |
| 650 #7 - SUBJECT ADDED ENTRY--TOPICAL TERM | |
| Topical term or geographic name as entry element | 末世論 |
| Source of heading or term | lcstt. |
| 650 #7 - SUBJECT ADDED ENTRY--TOPICAL TERM | |
| Topical term or geographic name as entry element | 基督教 |
| Source of heading or term | lcstt. |
| 942 ## - ADDED ENTRY ELEMENTS (KOHA) | |
| Source of classification or shelving scheme | Library of Congress Classification |
| Item type | Books |
| Withdrawn status | Lost status | Source of classification or shelving scheme | Damaged status | Not for loan | Home library | Current library | Shelving location | Date acquired | Accession number | Total Checkouts | Full call number | Barcode | Date last seen | Price effective from | Koha item type |
|---|---|---|---|---|---|---|---|---|---|---|---|---|---|---|---|
| Library of Congress Classification | BSOP Library | BSOP Library | Chinese Books (General Circulation) | 07/01/2015 | C-13509 | CH 4 BT 75.2 J82 | 00045654 | 07/01/2015 | 07/01/2015 | Books |
